| 000 | 00679nam a2200205 a 4500 | ||
|---|---|---|---|
| 005 | 20240912063714.0 | ||
| 008 | 040422s2003 mx r 000 0 spa d | ||
| 020 | _a9684115636 | ||
| 035 | _aUPN01000133012 | ||
| 049 | _aCG | ||
| 050 | 4 |
_aJL1229 C6 _bN8.4 |
|
| 245 | 0 | 0 |
_aNuevas líneas de investigación : _b21 relatos sobre la impunidad / _cDavid Toscana ... [et al.] ; selec. Martín Solares. |
| 260 |
_aMéxico : _bEra, _c2003. |
||
| 300 | _a227 p. | ||
| 650 | 4 |
_aCorrupción política _zMéxico _911194 |
|
| 650 | 4 |
_aINVESTIGACION CRIMINAL _924974 |
|
| 700 | 1 |
_aToscana, David, _d1961- _ecoaut. _932466 |
|
| 700 | 1 |
_aSolares, Martín, _d1970- _ecomp. _932489 |
|
| 905 | _aLibro | ||
| 999 |
_c105165 _d105165 |
||